|
|
|
|
| LEADER |
01799nam a2200409 i 4500 |
| 001 |
EBC1344875 |
| 003 |
MiAaPQ |
| 005 |
20200520144314.0 |
| 006 |
m o d | |
| 007 |
cr cnu|||||||| |
| 008 |
140722s2001 gw a obm 001 0 ger|d |
| 020 |
|
|
|z 9783486565331
|
| 020 |
|
|
|a 9783486707564 (e-book)
|
| 035 |
|
|
|a (MiAaPQ)EBC1344875
|
| 035 |
|
|
|a (Au-PeEL)EBL1344875
|
| 035 |
|
|
|a (CaPaEBR)ebr10891475
|
| 035 |
|
|
|a (OCoLC)879549928
|
| 040 |
|
|
|a MiAaPQ
|b eng
|e rda
|e pn
|c MiAaPQ
|d MiAaPQ
|
| 050 |
|
4 |
|a JC574.2.E85
|b L46 2001
|
| 100 |
1 |
|
|a Leonhard, Jorn,
|e author.
|
| 245 |
1 |
0 |
|a Liberalismus :
|b zur historischen Semantik eines europaischen Deutungsmusters /
|c Jorn Leonhard.
|
| 264 |
|
1 |
|a Munchen :
|b R. Oldenbourg Verlag,
|c 2001.
|
| 300 |
|
|
|a 1 online resource (800 pages) :
|b illustrations.
|
| 336 |
|
|
|a text
|2 rdacontent
|
| 337 |
|
|
|a computer
|2 rdamedia
|
| 338 |
|
|
|a online resource
|2 rdacarrier
|
| 490 |
1 |
|
|a Veroffentlichungen des Deutschen Historischen Instituts London = Publications of the German Historical Institute London ;
|v Band 50
|
| 502 |
|
|
|a Zugl.: Heidelberg, Univ., Dissertation, 1998.
|
| 504 |
|
|
|a Includes bibliographical references and index.
|
| 588 |
|
|
|a Description based on online resource; title from PDF title page (ebrary, viewed July 22, 2014).
|
| 590 |
|
|
|a Electronic reproduction. Ann Arbor, MI : ProQuest, 2015. Available via World Wide Web. Access may be limited to ProQuest affiliated libraries.
|
| 650 |
|
0 |
|a Liberalism
|z Europe
|x History.
|
| 650 |
|
0 |
|a Political science
|z Europe
|x History.
|
| 655 |
|
4 |
|a Electronic books.
|
| 797 |
2 |
|
|a ProQuest (Firm)
|
| 830 |
|
0 |
|a Veroffentlichungen des Deutschen Historischen Instituts in London ;
|v Bd. 50.
|
| 856 |
4 |
0 |
|u https://ebookcentral.proquest.com/lib/matrademy/detail.action?docID=1344875
|z Click to View
|